Misspelled Madness Quiz Stats

 Plays Quiz Updated Dec 7, 2017

Score 0/15 Timer 04:00
4 Plays Today
% Correct
Gracious
91.9%
Hallelujah
89.3%
Frigid
88.8%
Obliterate
87%
Constitutionally
85.8%
Persuasive
84.8%
Contentment
84.2%
Meandering
81.2%
% Correct
Kaleidoscope
79.3%
Quarantine
77.6%
Impudent
74.2%
Obstetrician
72.4%
Dredging
72.2%
Splicing
70.4%
Riveting
69.3%

You're not logged in!

Compare scores with friends on all Sporcle quizzes.
OR
Log In

Sporcle TV

Today on Sporcle TV


Watch our educational content, quiz creation guides, and fun videos on Sporcle TV.

Show Comments

Extras

Top Quizzes Today


Score Distribution

Your Account Isn't Verified!

In order to create a playlist on Sporcle, you need to verify the email address you used during registration. Go to your Sporcle Settings to finish the process.

Report this User

Report this user for behavior that violates our Community Guidelines.

Details: